| 000 | 02056cam a22003977a 4500 | ||
|---|---|---|---|
| 999 |
_c128276 _d128276 |
||
| 001 | 18726904 | ||
| 003 | ARRUPE | ||
| 005 | 20181002094759.0 | ||
| 008 | 150803s2015 enkab b 001 0 eng d | ||
| 010 | _a 2015304945 | ||
| 015 |
_aGBB278181 _2bnb |
||
| 016 | 7 |
_a016143690 _2Uk |
|
| 020 |
_a9781849042581 _qpbk. |
||
| 020 |
_a1849042586 _qpbk. |
||
| 035 | _a(OCoLC)ocn908416783 | ||
| 040 |
_aYDXCP _beng _cYDXCP _dOCLCO _dBDX _dRCJ _dGZM _dUKMGB _dOCLCF _dCDX _dUAB _dDLC |
||
| 042 | _alccopycat | ||
| 043 | _af------ | ||
| 050 | 0 | 0 |
_aS934.A35 _bN87 2015 |
| 082 | 0 | 4 |
_a333.72096 _223 |
| 100 | 1 |
_aNustad, Knut G., _d1968- _942630 |
|
| 245 | 1 | 0 |
_aCreating Africas : _bstruggles over nature, conservation and land / _cKnut G. Nustad. |
| 260 |
_aLondon : _bHurst & Co., _c2015. |
||
| 300 |
_axii, 192 p. : _bill., map ; _c22 cm. |
||
| 504 | _aIncludes bibliographical references (p. 175-183) and index. | ||
| 505 | 0 | 0 |
_tProtected areas and the nature-society divide -- _tNatures and environments : from representations to realities -- _tFrom hunting grounds to productive fields -- _tEarly conservation and tourism nature -- _tHuman settlements and forced removals in Dukuduku -- _tDukuduku as dispossessed land -- _tReality wars : competing natures on the river beds. |
| 650 | 0 |
_aConservation of natural resources _zAfrica. _942631 |
|
| 650 | 0 |
_aHuman ecology _zAfrica. _942632 |
|
| 650 | 7 |
_aConservation of natural resources. _2fast _942633 |
|
| 650 | 7 |
_aConservation of natural resources _xGovernment policy. _2fast _942634 |
|
| 651 | 7 |
_aAfrica. _2fast _98946 |
|
| 856 | 4 | 2 |
_3Contributor biographical information _uhttp://www.loc.gov/catdir/enhancements/fy1604/2015304945-b.html |
| 856 | 4 | 2 |
_3Publisher description _uhttp://www.loc.gov/catdir/enhancements/fy1604/2015304945-d.html |
| 856 | 4 | 1 |
_3Table of contents only _uhttp://www.loc.gov/catdir/enhancements/fy1604/2015304945-t.html |
| 906 |
_a7 _bcbc _ccopycat _d2 _encip _f20 _gy-gencatlg |
||
| 942 |
_2lcc _cMONOGRAPH |
||